Science Quiz

Random Science or Blitz Quiz

Multiples of 3 Blitz Quiz Stats

 Plays Quiz Updated Mar 17, 2020

Support Sporcle.
Go Orange.
Score 0/26 Timer 00:30
0 Plays Today
% Correct
3
83%
9
82%
6
81.3%
12
78.4%
30
77.4%
33
76.2%
15
75.9%
18
75.4%
21
75.3%
36
73.2%
24
72.6%
27
71.9%
60
70.7%
% Correct
66
69.2%
39
66.1%
69
65.1%
63
63.6%
45
60.6%
72
59.4%
42
58.7%
48
56.7%
54
54.7%
75
50.3%
51
45.4%
57
42%
78
40.2%

From the Vault

States With the Most Farmland

by lolshortee

These states are very agriculturally aware.
Remove Ads.
Support Sporcle.
Get the best of Sporcle when you Go Orange. This ad-free experience offers more features, more stats, and more fun while also helping to support Sporcle. Thank you for becoming a member.

Show Comments

Extras

Top Quizzes Today


Score Distribution

Your Account Isn't Verified!

In order to create a playlist on Sporcle, you need to verify the email address you used during registration. Go to your Sporcle Settings to finish the process.

Report this User

Report this user for behavior that violates our Community Guidelines.

Details: